ბათუმის შოთა რუსთაველის სახელმწიფო უნივერსიტეტის ბიბლიოთეკა

განმარტებითი იურიდიული ლექსიკონი = Juristisches Fachlexikon / (ბიბ.ჩანაწერი № 42508)

000 -ლიდერი
ფიქსირებული სიგრძის საკონტროლო ველი 01460nam a2200265Ia 4500
001 - საკონტროლო ნომერი
საკონტროლო ველი 9205
003 - საკონტროლო ნომრის იდენტიფიკატორი
საკონტროლო ველი GE_BSU
005 - ბოლო ოპერაციის თარიღი და დრო
საკონტროლო ველი 20230209120039.0
008 - ფიქსირებული სიგრძის მონაცემთა ელემენტები - ზოგადი ინფორმაცია
ფიქსირებული სიგრძის საკონტროლო ველი 181216s2014 ge |||||||||||||| ||geo||
020 ## - წიგნის საერთაშორისო სტანდარტული ნომერი
International Standard Book Number 9789941934742
040 ## - კატალოგიზაციის წყარო
Transcribing agency GE_BSU
041 ## - ენის კოდი
Language code of text/sound track or separate title geo
080 ## - უნივერსალური ათობითი კლასიფიკაციის ინდექსი
Universal Decimal Classification number 34(038)+81'374.26:34=353.1 გ-20
245 ## - ცნობა სათაურის შესახებ
Title განმარტებითი იურიდიული ლექსიკონი = Juristisches Fachlexikon /
Statement of responsibility, etc ავტ.: ლევან თოთლაძე, გაგა გაბრიჩიძე, გიორგი თუმანიშვილი [და სხვ.] ; რედ.: გიორგი ხუბუა, ლევან თოთლაძე ; GIZ, IRZ.
250 ## - გამოცემის ცნობა
Edition statement მე-2 უცვლელი გამოც.
264 ## - წარმოების, გამოცემის, დისტრიბუციის და სხვა ცნობები
გამოცემის, წარმოების, დისტრიბუციის... ადგილი თბილისი.
გამოცემის, წარმოების, დისტრიბუციის... სახელწოდება GIZ : IRZ,
გამოცემის, წარმოების, დისტრიბუციის... თარიღი 2014.
300 ## - ფიზიკური აღწერა
Extent 626 გვ.;
Other physical details 20 სმ.
700 ## - ADDED ENTRY--PERSONAL NAME
Personal name თოთლაძე, ლ. (ლევან),
Relator term ავტორი
9 (RLIN) 16854
700 ## - ADDED ENTRY--PERSONAL NAME
Personal name თუმანიშვილი, გ. (გიორგი)
Relator term ავტორი
9 (RLIN) 16855
700 ## - ADDED ENTRY--PERSONAL NAME
Personal name ტურავა, პ. (პაატა),
Relator term ავტორი
9 (RLIN) 16856
700 ## - ADDED ENTRY--PERSONAL NAME
Personal name ჩაჩანიძე, ე. (ეთერ)
Dates associated with a name .
Relator term ავტორი
9 (RLIN) 16857
700 ## - ADDED ENTRY--PERSONAL NAME
Personal name ხუბუა, გ. (გიორგი)
Relator term რედაქტორი
9 (RLIN) 16858
700 ## - ADDED ENTRY--PERSONAL NAME
Personal name თოთლაძე, ლ. (ლევან)
Relator term რედაქტორი
9 (RLIN) 16859
942 ## - ADDED ENTRY ELEMENTS (KOHA)
Koha item type წიგნი
Source of classification or shelving scheme
ეგზემპლარები
ჩამოწერის სტატუსი დაკარგული ეგზემპლარის სტატუსი კლასიფიკაციის წყარო ან თაროზე გაწყობის სქემა დაზიანების სტატუსი არ გაიცემა მუდმივი მდებარეობა (დაცვის ადგილი) ამჟამინდელი ადგილსამყოფელი თაროზე განთავსების ადგილი შეძენის თარიღი სრული შენახვის შიფრი შტრიხკოდი ბოლო ოპერაციის თარიღი ეგზემპლარის მიმდევრობითი ნომერი (კეტერი?) ფასის ძალაში შესვლის თარიღი ეგზემპლარის სახეობა ღირებულება, შესყიდვის ნორმალური ფასი საჯარო შენიშვნა
          ბათუმის შოთა რუსთაველის სახელმწიფო უნივერსიტეტის მთავარი ბიბლიოთეკა ბათუმის შოთა რუსთაველის სახელმწიფო უნივერსიტეტის მთავარი ბიბლიოთეკა წიგნსაცავი 2018-12-17 34(038)+81'374.26:34=353.1 გ-20 32113 2018-12-17 32113 2018-12-17 წიგნი    
          ბათუმის შოთა რუსთაველის სახელმწიფო უნივერსიტეტის მთავარი ბიბლიოთეკა ბათუმის შოთა რუსთაველის სახელმწიფო უნივერსიტეტის მთავარი ბიბლიოთეკა წიგნსაცავი 2018-12-17 34(038)+81'374.26:34=353.1 გ-20 32114 2018-12-17 32114 2018-12-17 წიგნი    
          ბათუმის შოთა რუსთაველის სახელმწიფო უნივერსიტეტის მთავარი ბიბლიოთეკა ბათუმის შოთა რუსთაველის სახელმწიფო უნივერსიტეტის მთავარი ბიბლიოთეკა წიგნსაცავი 2018-12-17 34(038)+81'374.26:34=353.1 გ-20 32115 2018-12-17 32115 2018-12-17 წიგნი    
          ბათუმის შოთა რუსთაველის სახელმწიფო უნივერსიტეტის მთავარი ბიბლიოთეკა ბათუმის შოთა რუსთაველის სახელმწიფო უნივერსიტეტის მთავარი ბიბლიოთეკა წიგნსაცავი 2018-12-17 34(038)+81'374.26:34=353.1 გ-20 32116 2018-12-17 32116 2018-12-17 წიგნი    
          ბათუმის შოთა რუსთაველის სახელმწიფო უნივერსიტეტის მთავარი ბიბლიოთეკა ბათუმის შოთა რუსთაველის სახელმწიფო უნივერსიტეტის მთავარი ბიბლიოთეკა წიგნსაცავი 2018-12-17 34(038)+81'374.26:34=353.1 გ-20 32117 2018-12-17 32117 2018-12-17 წიგნი    
          ბათუმის შოთა რუსთაველის სახელმწიფო უნივერსიტეტის მთავარი ბიბლიოთეკა ბათუმის შოთა რუსთაველის სახელმწიფო უნივერსიტეტის მთავარი ბიბლიოთეკა წიგნსაცავი 2023-02-09 34(038)+81'374.26:34=353.1 გ-20 63713 2023-02-09 63713 2023-02-09 წიგნი 8.00 8.00
          ბათუმის შოთა რუსთაველის სახელმწიფო უნივერსიტეტის მთავარი ბიბლიოთეკა ბათუმის შოთა რუსთაველის სახელმწიფო უნივერსიტეტის მთავარი ბიბლიოთეკა წიგნსაცავი 2023-02-09 34(038)+81'374.26:34=353.1 გ-20 63714 2023-02-09 63714 2023-02-09 წიგნი 8.00 8.00
          ბათუმის შოთა რუსთაველის სახელმწიფო უნივერსიტეტის მთავარი ბიბლიოთეკა ბათუმის შოთა რუსთაველის სახელმწიფო უნივერსიტეტის მთავარი ბიბლიოთეკა წიგნსაცავი 2023-02-09 34(038)+81'374.26:34=353.1 გ-20 63715 2023-02-09 63715 2023-02-09 წიგნი 8.00 8.00
          ბათუმის შოთა რუსთაველის სახელმწიფო უნივერსიტეტის მთავარი ბიბლიოთეკა ბათუმის შოთა რუსთაველის სახელმწიფო უნივერსიტეტის მთავარი ბიბლიოთეკა წიგნსაცავი 2025-09-19 34(038)+81'374.26:34=353.1 გ-20 72378 2025-09-19 72378 2025-09-19 წიგნი 8.00 8.00